Costing a bespoke build (Record no. 83425)

MARC details
000 -LEADER
fixed length control field 01128cab a22002295a 4500
001 - CONTROL NUMBER
control field L153952
008 - FIXED-LENGTH DATA ELEMENTS--GENERAL INFORMATION
fixed length control field 110927e20110922xxk 000 0 eng d
035 ## - SYSTEM CONTROL NUMBER
System control number (Sirsi) u153952
041 0# - LANGUAGE CODE
Language code of text/sound track or separate title eng
100 1# - MAIN ENTRY--PERSONAL NAME
Personal name Taylor, Lance
245 00 - TITLE STATEMENT
Title Costing a bespoke build
Remainder of title property and construction consultant Rider Levett Bucknall on the factors that raise the cost of a one-off home like Flint House
260 ## - PUBLICATION, DISTRIBUTION, ETC.
Date of publication, distribution, etc. 2011
490 ## - SERIES STATEMENT
Series statement Architects' Journal
Volume/sequential designation 234(8) 22 September 2011, 30-31(2)
520 ## - SUMMARY, ETC.
Summary, etc. Cost benchmark data, bespoke designs, typical factors that increase costs in bespoke residential construction, substructure, frame, roof, stairs, external walls, windows and external doors, internal walls and doors, floor, wall and ceiling finishes, fittings and furnishings, mechanical and electrical and installations, external works, preliminaries, overheads and profit and design risk.
590 ## - LOCAL NOTE (RLIN)
Local note KA
651 #4 - SUBJECT ADDED ENTRY--GEOGRAPHIC NAME
Geographic name United Kingdom
Chronological subdivision
690 ## - LOCAL SUBJECT ADDED ENTRY--TOPICAL TERM (OCLC, RLIN)
Topical term or geographic name as entry element BUILT ENVIRONMENT-BUILDING COSTS
690 ## - LOCAL SUBJECT ADDED ENTRY--TOPICAL TERM (OCLC, RLIN)
Topical term or geographic name as entry element BUILT ENVIRONMENT-CONSTRUCTION MARKET
700 1# - ADDED ENTRY--PERSONAL NAME
Personal name Sandland, Ian
710 ## - ADDED ENTRY--CORPORATE NAME
Corporate name or jurisdiction name as entry element Rider Levett Bucknall
9 (RLIN) 5520
942 ## - ADDED ENTRY ELEMENTS (KOHA)
Suppress in OPAC 0
Holdings
Withdrawn status Lost status Source of classification or shelving scheme Damaged status Not for loan Home library Current library Shelving location Date acquired Total Checkouts Full call number Barcode Date last seen Copy number Price effective from Koha item type
    Dewey Decimal Classification     London London Journal article 27/09/2011   L153952 153952-1001 06/08/2019 1 06/08/2019 Journal article